00750nam a2200181 a 4500003000200000005001700002008004100019050002700060100002500087245013800112260009200250300004800342504004100390650003800431650003300469650003400502650003200536020250415111338.0970101s19uu xx 00 eng d aPGS HG 179b.C794 2004 aCordero, Jan Iris A. aThe saving habits of grade 6 students of Southville International School & Colleges of School Year 2003-2004 /cJan Iris A. Cordero. aLas Piñas City, Philippines : bSouthville International School and Colleges,c2004. a23 pages :bcolored illustrations ;c28 cm. aIncludes bibliographical references. aSaving and investmentvChildren.  aStudentsvFinance, Personal. aFinancial literacyvJuvenile. aMoneyvChildrenvAttitudes.